Statistics for Countries of the Americas by Capital (Very Hard)

Click here to take the quiz!

General Stats

  • This quiz has been taken 20 times
    (4 since last reset)
  • The average score is 32 of 56

Answer Stats

CapitalCountry% Correct
BridgetownBarbados
100%
BrasíliaBrazil
100%
GeorgetownGuyana
100%
Panama CityPanama
100%
LimaPeru
100%
Buenos AiresArgentina
75%
OranjestadAruba
75%
NassauBahamas
75%
BelmopanBelize
75%
OttawaCanada
75%
San JoséCosta Rica
75%
HavanaCuba
75%
San SalvadorEl Salvador
75%
NuukGreenland
75%
Saint George'sGrenada
75%
Guatemala CityGuatemala
75%
Port-au-PrinceHaiti
75%
Mexico CityMexico
75%
KingstownSaint Vincent and the Grenadines
75%
Port of SpainTrinidad and Tobago
75%
WashingtonUnited States
75%
Saint John'sAntigua and Barbuda
50%
La Paz / SucreBolivia
50%
SantiagoChile
50%
BogotáColombia
50%
RoseauDominica
50%
Santo DomingoDominican Republic
50%
QuitoEcuador
50%
StanleyFalkland Islands
50%
CayenneFrench Guiana
50%
TegucigalpaHonduras
50%
KingstonJamaica
50%
Fort-de-FranceMartinique
50%
ManaguaNicaragua
50%
AsunciónParaguay
50%
San JuanPuerto Rico
50%
BasseterreSaint Kitts and Nevis
50%
CastriesSaint Lucia
50%
Saint-PierreSaint Pierre and Miquelon
50%
ParamariboSuriname
50%
Grand Turk / Cockburn TownTurks and Caicos Islands
50%
MontevideoUruguay
50%
Charlotte AmalieU.S. Virgin Islands
50%
CaracasVenezuela
50%
The ValleyAnguilla
25%
HamiltonBermuda
25%
KralendijkBonaire
25%
Road TownBritish Virgin Islands
25%
George TownCayman Islands
25%
WillemstadCuraçao
25%
Basse-TerreGuadeloupe
25%
Brades / PlymouthMontserrat
25%
The BottomSaba
25%
GustaviaSaint Barthelemy
25%
MarigotSaint Martin
25%
PhilipsburgSint Maarten
25%

Score Distribution

Percentile by Number Answered

Percent of People with Each Score

Your Score History

You have not taken this quiz since the last reset